Tous les personnages des indestructibles - Statistiques

Statistiques générales
  • Ce quiz a été pris 36 fois
  • Le résultat moyen est 10 sur 17
Statistiques - réponses
indices Personnages % Correct
personnage principal et père de famille Mr indestructible / Bob Parr
97%
jeune Super capable dedevenir invisible et de réer des champs de force Violette Parr
97%
Mère de famille Très flexible Elastigirl / Hélène Parr
94%
Créatrice de costumes pour super Edna Mode
91%
Bébé du aux multiples pouvoirs Jack Jack
91%
Jeune super doté d'une grande rapidité Flèche Parr
88%
Super capable de transformer l'air en Glace frozone
88%
grand méchant Syndrome
76%
femme et acolyte du grand méchant Mirage
52%
Méchant à la fin du film Le démolisseur
42%
Mime français braqueur de banques Folamour
39%
Petit garçon fan du personnageprincipal IndestructiBoy
33%
Adolescente Baby-Sitter Kari
21%
Petit ami de la fille du personnage principal Tony Rydinger
21%
Employeur du personnage principal Mr l'Oeuf
15%
avocat super-hérosami du personnage principal Gazerbeam
12%
agent gouvernemental ami des supers Rick Dicker
3%
Aucun quiz correspondant
Distribution des résultats
% des personnes avec chaque résultat
Percentile par nombre de réponses
Votre historique - résultats
Vous n’avez pas pris ce quiz